00995cam a22002775a 450000100100000000500170001000800410002702000150006802000210008302000180010404000300012208200230015224500740017526000440024930000330029350000240032650400410035065000470039165000380043865100100047665300220048670000400050894200080054899900170055695201440057301261421020160322140630.0011112s2000 enka frb 001 0 eng d a041522070X a0415220718 (pbk) a9780415220712 aWlAbNLdUkbengdEG-ScBUE04222a384.54082bWOM00aWomen and radio :bairing differences /cedited by Caroline Mitchell. aLondon ;aNew York :bRoutledge,c2000. axxi, 290 p. :bill. ;c24cm. aIndex : p. 283-290. aIncludes bibliographical references. 7aWomen in radio broadcasting.2BUEsh939630 7aRadio broadcasting.2BUEsh939631 2BUEsh bCOMAMEcMarch20161 aMitchell, Caroline,d1959-eeditor. 2ddc c21477d21449 00102ddc40708sphinxaMAINbMAINc1STd2016-03-22ePurchaseg196.00h71066l0o384.54082 WOMp000032146r2025-07-15 00:00:00v245.00yBB